[Event "XVIII Open Ayto. de Erandio"]
[Site "Erandio"]
[Date "2009.12.21"]
[Round "4.10"]
[White "Gamarra Rodriguez, Victor Manu"]
[Black "Alonso Alonso, Ivan"]
[Result "0-1"]
[WhiteElo "1590"]
[BlackElo "2126"]
[PlyCount "52"]
[EventDate "2009.12.19"]
[EventType "swiss"]
[EventRounds "9"]

1. d4 Nf6 2. Nf3 g6 3. c4 Bg7 4. Nc3 O-O 5. e4 d6 6. d5 e6 7. Bg5 exd5 8. cxd5
h6 9. Bh4 Nbd7 10. Bd3 Nc5 11. b4 Nxd3+ 12. Qxd3 g5 13. Bg3 Nxe4 14. Nd4 Nxc3
15. Qxc3 Re8+ 16. Kd2 Qf6 17. Nb5 Qe7 18. Nd4 Bd7 19. Rae1 Qf6 20. Kd3 Bf5+ 21.
Kc4 c6 22. Rd1 Re4 23. f3 b5+ 24. Kb3 Rxd4 25. Qe3 Rd3+ 26. Rxd3 Qb2# 0-1

[Event "XVIII Open Ayto. de Erandio"]
[Site "Erandio"]
[Date "2009.12.22"]
[Round "5.1"]
[White "Rausis, Igor"]
[Black "Pogorelov, Ruslan"]
[Result "1/2-1/2"]
[WhiteElo "2527"]
[BlackElo "2469"]
[PlyCount "31"]
[EventDate "2009.12.19"]
[EventType "swiss"]
[EventRounds "9"]

1. c4 Nf6 2. g3 e6 3. Bg2 d5 4. Nf3 dxc4 5. Qa4+ c6 6. Qxc4 b5 7. Qb3 Bb7 8.
O-O Nbd7 9. d4 a6 10. Ne5 Nxe5 11. dxe5 Nd7 12. Nc3 Nxe5 13. Ne4 c5 14. Nf6+
gxf6 15. Bxb7 Rb8 16. Bg2 1/2-1/2

[Event "XVIII Open Ayto. de Erandio"]
[Site "Erandio"]
[Date "2009.12.22"]
[Round "5.2"]
[White "Korneev, Oleg"]
[Black "Berbatov, Kiprian"]
[Result "1-0"]
[WhiteElo "2571"]
[BlackElo "2463"]
[PlyCount "133"]
[EventDate "2009.12.19"]
[EventType "swiss"]
[EventRounds "9"]

1. e4 c5 2. c3 d5 3. exd5 Qxd5 4. d4 Nf6 5. Nf3 Bg4 6. dxc5 Qxc5 7. Na3 Nbd7 8.
Be3 Qc7 9. Nb5 Qb8 10. Qd4 Bxf3 11. gxf3 a6 12. O-O-O axb5 13. Bxb5 Qc8 14. Rd2
Rxa2 15. Kb1 Ra6 16. Bxa6 bxa6 17. Bg5 Nc5 18. Rhd1 Nfd7 19. b4 Na4 20. Qxd7+
Qxd7 21. Rxd7 Nxc3+ 22. Kc2 Nxd1 23. Rxd1 f6 24. Be3 e5 25. Kb3 Be7 26. Kc4 Kf7
27. Rd7 Ke6 28. Ra7 Rc8+ 29. Bc5 Bxc5 30. bxc5 a5 31. Rxa5 Rc7 32. Ra6+ Ke7 33.
Rd6 Rb7 34. Rd2 Rb1 35. c6 Rc1+ 36. Kb5 Rc3 37. Kb6 Rxf3 38. c7 Rb3+ 39. Ka7
Ra3+ 40. Kb7 Rb3+ 41. Ka8 Ra3+ 42. Kb8 Rb3+ 43. Kc8 g5 44. Rd7+ Ke8 45. Rd8+
Ke7 46. Rd7+ Ke8 47. Rd6 Ke7 48. Ra6 Rb2 49. Ra7 Ke8 50. Ra8 Ke7 51. Ra7 Ke8
52. Rb7 Rxf2 53. Kb8 Rc2 54. c8=Q+ Rxc8+ 55. Kxc8 e4 56. Rxh7 f5 57. Kc7 f4 58.
Kd6 f3 59. Ke6 Kd8 60. Kd6 Ke8 61. Re7+ Kf8 62. Re5 Kg7 63. Rxg5+ Kf6 64. Rg8
Kf5 65. Rf8+ Kg4 66. Ke5 e3 67. Rf4+ 1-0

[Event "XVIII Open Ayto. de Erandio"]
[Site "Erandio"]
[Date "2009.12.22"]
[Round "5.3"]
[White "Diez Fraile, David"]
[Black "Savchenko, Stanislav"]
[Result "0-1"]
[WhiteElo "2184"]
[BlackElo "2536"]
[PlyCount "68"]
[EventDate "2009.12.19"]
[EventType "swiss"]
[EventRounds "9"]

1. e4 c5 2. Nf3 d6 3. d4 cxd4 4. Nxd4 Nf6 5. Nc3 a6 6. Bg5 Nbd7 7. f4 Qc7 8.
Qf3 e5 9. Nb3 h6 10. Bxf6 Nxf6 11. f5 b5 12. O-O-O Bb7 13. Bd3 Be7 14. g4 O-O-O
15. Kb1 Kb8 16. Rhg1 Rc8 17. Qf2 Rhd8 18. Rc1 d5 19. Nxd5 Nxd5 20. exd5 Bxd5
21. Qe2 Bg5 22. Rce1 Bf4 23. h4 Qb6 24. Be4 Bxe4 25. Qxe4 Qc6 26. Qxc6 Rxc6 27.
Rd1 Rxd1+ 28. Rxd1 Kc7 29. c3 Bg3 30. Rd5 Rd6 31. Rxd6 Kxd6 32. Nd2 Kd5 33. Kc2
e4 34. g5 h5 0-1

[Event "XVIII Open Ayto. de Erandio"]
[Site "Erandio"]
[Date "2009.12.22"]
[Round "5.4"]
[White "Angulo Martinez, Jon"]
[Black "Gonzalez Rodriguez, Jorge A"]
[Result "0-1"]
[WhiteElo "2198"]
[BlackElo "2441"]
[PlyCount "56"]
[EventDate "2009.12.19"]
[EventType "swiss"]
[EventRounds "9"]

1. e4 e6 2. d4 d5 3. Nc3 Bb4 4. exd5 exd5 5. Bd3 Nc6 6. a3 Bxc3+ 7. bxc3 Nge7
8. Ne2 Bf5 9. Ng3 Bg6 10. Rb1 b6 11. O-O O-O 12. h4 Qd7 13. h5 Bxd3 14. cxd3 h6
15. Qf3 Rae8 16. Bd2 Nd8 17. Rfe1 Ne6 18. Re2 f5 19. Rbe1 Rf6 20. Re5 f4 21.
Nf1 Ng5 22. Qe2 f3 23. Rxe7 Rxe7 24. Qxe7 Qg4 25. Qd8+ Kh7 26. Ne3 Qxh5 27.
Qxd5 fxg2 28. Nxg2 Nf3+ 0-1

[Event "XVIII Open Ayto. de Erandio"]
[Site "Erandio"]
[Date "2009.12.22"]
[Round "5.5"]
[White "Ivanov, Jordan"]
[Black "Zubimendi Herranz, Julian"]
[Result "1-0"]
[WhiteElo "2420"]
[BlackElo "2033"]
[PlyCount "33"]
[EventDate "2009.12.19"]
[EventType "swiss"]
[EventRounds "9"]

1. d4 d6 2. e4 c6 3. Nc3 e5 4. Nf3 Nd7 5. a4 a5 6. Bc4 Be7 7. dxe5 Nxe5 8. Nxe5
dxe5 9. Qh5 g6 10. Qxe5 f6 11. Qg3 Bd6 12. Bf4 Bxf4 13. Qxf4 Qe7 14. O-O-O Qe5
15. Qe3 Qc7 16. Rd2 Ne7 17. Rhd1 1-0

[Event "XVIII Open Ayto. de Erandio"]
[Site "Erandio"]
[Date "2009.12.22"]
[Round "5.6"]
[White "De Andres Oterino, Carlos"]
[Black "Limeres Guiance, Cristobal"]
[Result "0-1"]
[WhiteElo "1950"]
[BlackElo "2250"]
[PlyCount "100"]
[EventDate "2009.12.19"]
[EventType "swiss"]
[EventRounds "9"]

1. Nf3 b5 2. e4 Bb7 3. Bxb5 Bxe4 4. Nc3 Bb7 5. O-O Nf6 6. Re1 e6 7. a3 Be7 8.
d4 O-O 9. h3 c5 10. dxc5 Bxc5 11. Bg5 Qb6 12. Be3 Bxe3 13. Rxe3 Rc8 14. Qd4
Qxd4 15. Nxd4 Nc6 16. Rd1 d5 17. f4 g6 18. g4 Nxd4 19. Rxd4 Rc7 20. Bd3 Re7 21.
g5 Ne8 22. Re5 Kf8 23. Nd1 Rc7 24. Nf2 a5 25. Ng4 Ba6 26. c3 Bxd3 27. Rxd3 Nd6
28. Re2 Rb8 29. Ne5 a4 30. Rd4 Ra8 31. Rb4 Rb7 32. Rxb7 Nxb7 33. Nd7+ Ke7 34.
Nb6 Ra5 35. c4 dxc4 36. Nxc4 Rf5 37. Re4 Nc5 38. Re5 Nd3 39. Rxf5 exf5 40. h4
Ke6 41. Kf1 Nc5 42. Nb6 Kd6 43. Ke2 Kc6 44. Nc4 Kd5 45. Ne5 Ke4 46. Nc4 Kxf4
47. Nb6 Kg3 48. Nxa4 Nxa4 49. b3 Nc5 50. b4 Na4 0-1

[Event "XVIII Open Ayto. de Erandio"]
[Site "Erandio"]
[Date "2009.12.22"]
[Round "5.9"]
[White "Buiza Prieto, Aizbeltz"]
[Black "Arias Garcia, Luis Javier"]
[Result "0-1"]
[WhiteElo "1788"]
[BlackElo "2176"]
[PlyCount "104"]
[EventDate "2009.12.19"]
[EventType "swiss"]
[EventRounds "9"]

1. e4 c5 2. d4 cxd4 3. Nf3 Nc6 4. Nxd4 Nf6 5. Nxc6 bxc6 6. Nc3 d6 7. Bg5 e5 8.
Bc4 Be7 9. O-O O-O 10. Qd2 Qb6 11. Bb3 Ba6 12. Bxf6 Bxf6 13. Ne2 Rad8 14. c4 h6
15. Rad1 Qc5 16. Qc2 d5 17. exd5 cxd5 18. Rc1 dxc4 19. Bxc4 Bxc4 20. b3 Qa5 21.
Qxc4 Rd2 22. Nc3 Rd4 23. Qb5 Qa3 24. Qc6 Qa5 25. Qb5 Qd8 26. Rfd1 Bg5 27. Qxe5
Rd2 28. Nd5 Qxd5 29. Qxd5 Rxd5 30. Rxd5 Bxc1 31. Ra5 Rd8 32. g3 Rd7 33. Rc5 Bb2
34. b4 Rd2 35. a4 Bd4 36. Rf5 f6 37. Kf1 Kf7 38. Rd5 Bc3 39. Rb5 Rb2 40. Rb7+
Kg6 41. Rxa7 Bxb4 42. Rb7 Bc3 43. Rc7 Bd4 44. f3 Rb4 45. a5 Ra4 46. Ke2 Rxa5
47. Kd3 Be5 48. Rc4 Ra2 49. f4 Bd6 50. Rd4 Be7 51. h4 Rg2 52. h5+ Kf7 0-1

[Event "XVIII Open Ayto. de Erandio"]
[Site "Erandio"]
[Date "2009.12.22"]
[Round "5.10"]
[White "Perez Fernandez, Modesto"]
[Black "Fernandez Amezaga, Karmelo"]
[Result "1-0"]
[WhiteElo "2067"]
[BlackElo "1725"]
[PlyCount "23"]
[EventDate "2009.12.19"]
[EventType "swiss"]
[EventRounds "9"]

1. e4 c5 2. Nf3 Nc6 3. d4 cxd4 4. Nxd4 Nxd4 5. Qxd4 d6 6. Bc4 Qb6 7. Qxb6 axb6
8. Be3 Nf6 9. Nc3 Nd7 10. Nd5 Kd8 11. Nxb6 Nxb6 12. Bxb6+ 1-0

[Event "XVIII Open Ayto. de Erandio"]
[Site "Erandio"]
[Date "2009.12.23"]
[Round "6.1"]
[White "Pogorelov, Ruslan"]
[Black "Korneev, Oleg"]
[Result "1/2-1/2"]
[WhiteElo "2469"]
[BlackElo "2571"]
[PlyCount "27"]
[EventDate "2009.12.19"]
[EventType "swiss"]
[EventRounds "9"]

1. d4 e6 2. c4 Nf6 3. g3 Be7 4. Bg2 d5 5. Nf3 O-O 6. O-O dxc4 7. Qc2 a6 8. Qxc4
b5 9. Qc2 Bb7 10. Bd2 Be4 11. Qc1 Bb7 12. Qc2 Be4 13. Qc1 Bb7 14. Qc2 1/2-1/2

[Event "XVIII Open Ayto. de Erandio"]
[Site "Erandio"]
[Date "2009.12.23"]
[Round "6.2"]
[White "Savchenko, Stanislav"]
[Black "Rausis, Igor"]
[Result "1/2-1/2"]
[WhiteElo "2536"]
[BlackElo "2527"]
[PlyCount "34"]
[EventDate "2009.12.19"]
[EventType "swiss"]
[EventRounds "9"]

1. d4 d5 2. c4 c6 3. cxd5 cxd5 4. Nf3 Nf6 5. Nc3 Nc6 6. Bf4 Bf5 7. e3 e6 8. Bd3
Bxd3 9. Qxd3 Bd6 10. Bxd6 Qxd6 11. O-O O-O 12. Rfc1 Rfc8 13. Ne2 Ne7 14. Qb5
Qd7 15. Qxd7 Nxd7 16. Rxc8+ Rxc8 17. Rc1 Rxc1+ 1/2-1/2

[Event "XVIII Open Ayto. de Erandio"]
[Site "Erandio"]
[Date "2009.12.23"]
[Round "6.3"]
[White "Gonzalez Rodriguez, Jorge A"]
[Black "Ivanov, Jordan"]
[Result "0-1"]
[WhiteElo "2441"]
[BlackElo "2420"]
[PlyCount "106"]
[EventDate "2009.12.19"]
[EventType "swiss"]
[EventRounds "9"]

1. c4 Nf6 2. Nc3 g6 3. g3 Bg7 4. Bg2 O-O 5. e3 c5 6. Nge2 Nc6 7. O-O d6 8. a3
Bd7 9. Rb1 Rc8 10. b4 b6 11. d3 e5 12. b5 Ne7 13. e4 Nh5 14. Be3 f5 15. f4 Kh8
16. Qd2 Be6 17. Nd5 Qd7 18. Nec3 Rfe8 19. a4 exf4 20. gxf4 fxe4 21. dxe4 Bh3
22. Rbe1 Nxd5 23. Nxd5 Qg4 24. Qc2 Qxg2+ 25. Qxg2 Bxg2 26. Kxg2 Rxe4 27. Rc1
Nf6 28. Nxf6 Bxf6 29. Kf3 d5 30. cxd5 Rxa4 31. Rfe1 Rd8 32. Rcd1 Rb4 33. f5
Rxb5 34. Bh6 c4 35. Re6 Bg7 36. Bf4 Kg8 37. f6 Bf8 38. Ke4 Kf7 39. Rc6 Rc5 40.
Rc7+ Rxc7 41. Bxc7 Rd7 42. Be5 Bd6 43. Kd4 b5 44. Bxd6 Rxd6 45. Kc5 Rxf6 46.
Kxb5 Ke7 47. Kc5 c3 48. Rc1 Rf8 49. d6+ Kd7 50. Ra1 c2 51. Rxa7+ Ke6 52. Re7+
Kf6 53. Re1 c1=Q+ 0-1

[Event "XVIII Open Ayto. de Erandio"]
[Site "Erandio"]
[Date "2009.12.23"]
[Round "6.4"]
[White "Limeres Guiance, Cristobal"]
[Black "Angulo Martinez, Jon"]
[Result "1/2-1/2"]
[WhiteElo "2250"]
[BlackElo "2198"]
[PlyCount "55"]
[EventDate "2009.12.19"]
[EventType "swiss"]
[EventRounds "9"]

1. d4 d5 2. c4 c6 3. cxd5 cxd5 4. Nc3 Nf6 5. Bf4 Nc6 6. e3 Bf5 7. Nf3 e6 8. Qb3
Bb4 9. Bb5 Qa5 10. O-O Bxc3 11. Bxc6+ bxc6 12. bxc3 O-O 13. c4 Ne4 14. Rfc1 h6
15. h3 Rfc8 16. cxd5 cxd5 17. Qb7 Nc3 18. Kh2 Qb6 19. Qxb6 axb6 20. a4 Ne4 21.
Rxc8+ Rxc8 22. Ra2 Nc3 23. Ra3 Bc2 24. a5 b5 25. a6 b4 26. Ra5 Ra8 27. Nd2 b3
28. Nxb3 1/2-1/2

[Event "XVIII Open Ayto. de Erandio"]
[Site "Erandio"]
[Date "2009.12.23"]
[Round "6.5"]
[White "Berbatov, Kiprian"]
[Black "Perez Fernandez, Modesto"]
[Result "1-0"]
[WhiteElo "2463"]
[BlackElo "2067"]
[PlyCount "69"]
[EventDate "2009.12.19"]
[EventType "swiss"]
[EventRounds "9"]

1. e4 c5 2. Nf3 e6 3. d4 cxd4 4. Nxd4 Nc6 5. Nc3 Qc7 6. f4 a6 7. Be3 b5 8. Bd3
Bb7 9. Qf3 Nf6 10. g4 d6 11. g5 Nd7 12. O-O-O Be7 13. Kb1 O-O 14. Nf5 exf5 15.
Nd5 Qd8 16. exf5 Nb4 17. f6 Bxd5 18. Bxh7+ Kxh7 19. Qh5+ Kg8 20. fxg7 Kxg7 21.
Bd4+ Ne5 22. Bxe5+ dxe5 23. Qh6+ Kg8 24. g6 fxg6 25. Qxg6+ Kh8 26. Qh6+ Kg8 27.
Rhg1+ Bg5 28. Rxg5+ Qxg5 29. Qxg5+ Kf7 30. Qf5+ Ke7 31. Qxe5+ Kf7 32. Qc7+ Ke6
33. Re1+ Kf5 34. Qe5+ Kg4 35. Qg5+ 1-0

[Event "XVIII Open Ayto. de Erandio"]
[Site "Erandio"]
[Date "2009.12.23"]
[Round "6.7"]
[White "Arias Garcia, Luis Javier"]
[Black "Landa Manux, Josu"]
[Result "0-1"]
[WhiteElo "2176"]
[BlackElo "2043"]
[PlyCount "122"]
[EventDate "2009.12.19"]
[EventType "swiss"]
[EventRounds "9"]

1. e4 c5 2. Nf3 d6 3. d4 cxd4 4. Nxd4 Nf6 5. Nc3 a6 6. f4 e5 7. Nf3 Nbd7 8. Bd3
Be7 9. O-O O-O 10. a4 Nc5 11. Kh1 exf4 12. Bxf4 Bg4 13. Qe1 Bh5 14. Bc4 Bg6 15.
e5 dxe5 16. Rd1 Qb6 17. Nxe5 Rfe8 18. Nxg6 hxg6 19. b3 Rad8 20. Rxd8 Bxd8 21.
Qd1 Nce4 22. Nxe4 Rxe4 23. Qf3 Bc7 24. Bg5 Qd6 25. g3 Qc6 26. Bd3 Re6 27. Qxc6
Rxc6 28. Re1 Kf8 29. Kg2 Bd6 30. Kf3 Rc5 31. Be3 Rc6 32. Bd4 Bb4 33. Re2 Bc5
34. Bb2 Ne8 35. Be4 Rc7 36. c4 Nf6 37. Bc2 Rd7 38. g4 Bb4 39. g5 Ne8 40. Be4
Nd6 41. Bd5 Nf5 42. Kg4 Bc5 43. Bc1 Ne7 44. Be4 f5+ 45. gxf6 gxf6 46. Bc2 Kf7
47. Rd2 Rc7 48. Bb2 Nc6 49. h4 Re7 50. h5 f5+ 51. Kg3 f4+ 52. Kg4 gxh5+ 53.
Kxh5 f3 54. Bg6+ Kf8 55. Rd5 f2 56. Bd3 b6 57. Bc1 Be3 58. Rf5+ Kg8 59. Bb2 Nd4
60. Rd5 Nxb3 61. Bg6 f1=Q 0-1

[Event "XVIII Open Ayto. de Erandio"]
[Site "Erandio"]
[Date "2009.12.23"]
[Round "6.8"]
[White "Segura Del Frago, Imanol"]
[Black "Prieto Aranguren, Alain"]
[Result "0-1"]
[WhiteElo "2023"]
[BlackElo "2129"]
[PlyCount "126"]
[EventDate "2009.12.19"]
[EventType "swiss"]
[EventRounds "9"]

1. d4 Nf6 2. Nc3 d5 3. Bf4 Bf5 4. Nf3 c6 5. e3 Nbd7 6. Be2 e6 7. a3 Be7 8. O-O
O-O 9. Nh4 Bg6 10. Nxg6 hxg6 11. h3 c5 12. dxc5 Bxc5 13. Na4 Be7 14. c4 Rc8 15.
cxd5 Nxd5 16. Qb3 Qa5 17. Rac1 Nxf4 18. exf4 Rxc1 19. Rxc1 Qd2 20. Qe3 Qa5 21.
Rd1 Qxa4 22. b3 Qc6 23. Bf3 Qc7 24. Qxa7 Nb6 25. a4 Nd5 26. Qd4 Rd8 27. Qc4 Qb6
28. g3 Bc5 29. Rd2 Qb4 30. Qc2 Rc8 31. Kg2 Rc6 32. Qd1 Bf8 33. Rd4 Qc3 34. Rd3
Qc2 35. Qxc2 Rxc2 36. Bxd5 exd5 37. Rxd5 b6 38. Rb5 Bc5 39. b4 Bxf2 40. Kf3 Kf8
41. Ke4 Ke7 42. g4 Rc7 43. Kd5 Ra7 44. a5 bxa5 45. bxa5 Bg3 46. Ke4 Be1 47. a6
Rxa6 48. Rb7+ Ke6 49. Rb8 Ra4+ 50. Kf3 Bb4 51. Rb6+ Bd6 52. f5+ gxf5 53. gxf5+
Ke5 54. Rb2 Rf4+ 55. Kg3 Rxf5 56. Kg4 Rf1 57. h4 g6 58. Kg5 Ke6 59. Rb6 Rg1+
60. Kh6 Rg4 61. h5 Rh4 62. Kg7 Rxh5 63. Rb7 Be5+ 0-1

[Event "XVIII Open Ayto. de Erandio"]
[Site "Erandio"]
[Date "2009.12.23"]
[Round "6.9"]
[White "Alonso Alonso, Ivan"]
[Black "Meneses Arenas, Mikel"]
[Result "1-0"]
[WhiteElo "2126"]
[BlackElo "1853"]
[PlyCount "61"]
[EventDate "2009.12.19"]
[EventType "swiss"]
[EventRounds "9"]

1. e4 e5 2. Nf3 Nc6 3. Bb5 Nf6 4. O-O Be7 5. d4 O-O 6. Nc3 Nxd4 7. Nxd4 exd4 8.
Qxd4 a6 9. Be2 d5 10. exd5 Bf5 11. Bd3 c5 12. Qe3 Bxd3 13. Qxd3 h6 14. h3 Qd6
15. Qf3 Nd7 16. Bf4 Qg6 17. d6 Bf6 18. Qxb7 Bxc3 19. bxc3 Qf5 20. Be3 Rfb8 21.
Qc6 Rc8 22. Qa4 Nb6 23. Qg4 Qxc2 24. Bxh6 Qxc3 25. Rac1 Qf6 26. Bf4 Rc6 27.
Rfd1 Nc8 28. d7 Nb6 29. Bg5 Qb2 30. d8=Q+ Rxd8 31. Rxd8+ 1-0

[Event "XVIII Open Ayto. de Erandio"]
[Site "Erandio"]
[Date "2009.12.23"]
[Round "6.10"]
[White "Rodriguez Gonzalez, Alex"]
[Black "Marchena Hurtado, Javier"]
[Result "1-0"]
[WhiteElo "2040"]
[BlackElo "1780"]
[PlyCount "101"]
[EventDate "2009.12.19"]
[EventType "swiss"]
[EventRounds "9"]

1. e4 c5 2. Nc3 Nc6 3. Bb5 Nd4 4. Bc4 g6 5. Nf3 Bg7 6. Nxd4 cxd4 7. Qf3 e6 8.
Nb5 d6 9. c3 dxc3 10. dxc3 a6 11. Nd4 Ne7 12. Bg5 O-O 13. O-O Qc7 14. Bb3 b5
15. a4 bxa4 16. Rxa4 Bb7 17. Bf6 Nc6 18. Bxg7 Kxg7 19. Qe3 Rad8 20. Bxe6 Kg8
21. Bd5 Nxd4 22. Qxd4 Rfe8 23. Rfa1 Rd7 24. Rc4 Qd8 25. Bc6 Bxc6 26. Rxc6 a5
27. f3 d5 28. Rd1 Ree7 29. e5 Qb8 30. Re1 Qa7 31. Qxa7 Rxa7 32. Rd6 Rab7 33.
Re2 Rb5 34. Kf2 Reb7 35. b4 axb4 36. cxb4 Rxb4 37. Rxd5 Rb2 38. Rxb2 Rxb2+ 39.
Kg3 Kf8 40. Rd7 Ke8 41. e6 fxe6 42. Rxh7 Rd2 43. Rg7 e5 44. Rxg6 Kf7 45. Ra6
Kg7 46. h4 Rd1 47. Kg4 Rd4+ 48. Kf5 Rxh4 49. Ra7+ Kh6 50. g4 Rh1 51. g5+ 1-0

[Event "XVIII Open Ayto. de Erandio"]
[Site "Erandio"]
[Date "2009.12.24"]
[Round "7.1"]
[White "Korneev, Oleg"]
[Black "Rausis, Igor"]
[Result "1/2-1/2"]
[WhiteElo "2571"]
[BlackElo "2527"]
[PlyCount "26"]
[EventDate "2009.12.19"]
[EventType "swiss"]
[EventRounds "9"]

1. e4 c6 2. c4 d5 3. exd5 Nf6 4. Nc3 cxd5 5. cxd5 Nxd5 6. Nf3 e6 7. Bc4 Nc6 8.
O-O Be7 9. d4 O-O 10. Re1 Qd6 11. Bb3 Rd8 12. Qe2 Bd7 13. Qe4 Be8 1/2-1/2

[Event "XVIII Open Ayto. de Erandio"]
[Site "Erandio"]
[Date "2009.12.24"]
[Round "7.2"]
[White "Ivanov, Jordan"]
[Black "Savchenko, Stanislav"]
[Result "1/2-1/2"]
[WhiteElo "2420"]
[BlackElo "2536"]
[PlyCount "51"]
[EventDate "2009.12.19"]
[EventType "swiss"]
[EventRounds "9"]

1. d4 d5 2. c4 c6 3. Nf3 Nf6 4. Nc3 dxc4 5. a4 Bf5 6. e3 e6 7. Bxc4 Bb4 8. O-O
O-O 9. Qe2 Ne4 10. Nxe4 Bxe4 11. Bd3 Bxd3 12. Qxd3 c5 13. Rd1 Nc6 14. Bd2 Bxd2
15. Rxd2 cxd4 16. Nxd4 Nxd4 17. Qxd4 Qxd4 18. Rxd4 Rfd8 19. Rad1 Rxd4 20. Rxd4
Rc8 21. g3 g6 22. Rb4 b6 23. a5 bxa5 24. Ra4 Rc2 25. Rxa5 Rxb2 26. Rxa7 1/2-1/2

[Event "XVIII Open Ayto. de Erandio"]
[Site "Erandio"]
[Date "2009.12.24"]
[Round "7.3"]
[White "Berbatov, Kiprian"]
[Black "Pogorelov, Ruslan"]
[Result "0-1"]
[WhiteElo "2463"]
[BlackElo "2469"]
[PlyCount "101"]
[EventDate "2009.12.19"]
[EventType "swiss"]
[EventRounds "9"]

1. e4 c6 2. d4 d5 3. e5 Bf5 4. Nc3 a6 5. Nce2 e6 6. Ng3 Bg6 7. h4 h6 8. h5 Bh7
9. Bd3 Bxd3 10. cxd3 c5 11. dxc5 Bxc5 12. d4 Qa5+ 13. Kf1 Qb5+ 14. N3e2 Ba7 15.
a4 Qd7 16. b4 Ne7 17. g4 Nbc6 18. Rb1 b5 19. a5 Rc8 20. f4 f6 21. Nf3 O-O 22.
Kg2 fxe5 23. fxe5 Rf7 24. Rf1 Rcf8 25. Be3 g5 26. hxg6 Nxg6 27. Qd3 Nce7 28.
Kg3 Kg7 29. Qd2 Ng8 30. Rf2 h5 31. Rh1 h4+ 32. Nxh4 Rxf2 33. Bxf2 Qf7 34. Be3
Nxh4 35. Rxh4 Qf3+ 36. Kh2 Rc8 37. Nf4 Rc6 38. Rh3 Qe4 39. Nh5+ Kg6 40. Nf4+
Kg7 41. Nh5+ Kg6 42. Nf4+ Kg7 43. Nd3 Qg6 44. Nc5 Bxc5 45. bxc5 Rc8 46. Rh5 Kf7
47. Rg5 Qh7+ 48. Kg3 Ke8 49. Qf2 Rc7 50. Rh5 Qg6 51. Rg5 0-1

[Event "XVIII Open Ayto. de Erandio"]
[Site "Erandio"]
[Date "2009.12.24"]
[Round "7.4"]
[White "Prieto Aranguren, Alain"]
[Black "Limeres Guiance, Cristobal"]
[Result "1-0"]
[WhiteElo "2129"]
[BlackElo "2250"]
[PlyCount "63"]
[EventDate "2009.12.19"]
[EventType "swiss"]
[EventRounds "9"]

1. d4 f5 2. Bg5 Nf6 3. Bxf6 exf6 4. e3 d5 5. Bd3 Bd6 6. Qf3 g6 7. h4 Be6 8. h5
Ke7 9. Ne2 c6 10. Nbc3 Nd7 11. O-O-O b5 12. Nf4 Bf7 13. hxg6 hxg6 14. g4 g5 15.
Nfe2 b4 16. Nb1 fxg4 17. Qxg4 Nb6 18. Ng3 Bxg3 19. fxg3 Qd7 20. Qf3 g4 21. Qf2
Qd6 22. Nd2 Rh3 23. Rxh3 gxh3 24. e4 Rg8 25. e5 fxe5 26. dxe5 Qh6 27. Rf1 Be6
28. Qc5+ Ke8 29. Rf6 Qg5 30. Rxe6+ Kf7 31. Rf6+ Kg7 32. Qe7+ 1-0

[Event "XVIII Open Ayto. de Erandio"]
[Site "Erandio"]
[Date "2009.12.24"]
[Round "7.6"]
[White "De Andres Oterino, Carlos"]
[Black "Gonzalez Rodriguez, Jorge A"]
[Result "0-1"]
[WhiteElo "1950"]
[BlackElo "2441"]
[PlyCount "54"]
[EventDate "2009.12.19"]
[EventType "swiss"]
[EventRounds "9"]

1. Nf3 b6 2. g3 Bb7 3. Bg2 c5 4. c4 g6 5. O-O Bg7 6. d4 cxd4 7. Nxd4 Qc8 8. Qd3
Na6 9. Nc2 Nc5 10. Qe3 Nh6 11. Nc3 Nf5 12. Qd2 h5 13. b3 h4 14. Rb1 hxg3 15.
hxg3 Bxg2 16. Kxg2 Qb7+ 17. f3 Be5 18. Bb2 Nxg3 19. Rfd1 Nxe2 20. Rh1 Rxh1 21.
Rxh1 Ng3 22. Rh3 Nh5 23. Rxh5 gxh5 24. Qg5 O-O-O 25. Qxe5 Rg8+ 26. Kh2 Qxf3 27.
Ne3 Nd3 0-1

[Event "XVIII Open Ayto. de Erandio"]
[Site "Erandio"]
[Date "2009.12.24"]
[Round "7.7"]
[White "Alvarez Dominguez, Fco  Javier"]
[Black "Angulo Martinez, Jon"]
[Result "0-1"]
[WhiteElo "1945"]
[BlackElo "2198"]
[PlyCount "108"]
[EventDate "2009.12.19"]
[EventType "swiss"]
[EventRounds "9"]

1. e4 c5 2. c3 d5 3. exd5 Qxd5 4. d4 Nf6 5. Nf3 Nc6 6. Be3 cxd4 7. cxd4 Bg4 8.
Be2 e6 9. Nc3 Qa5 10. a3 Bd6 11. O-O O-O 12. Nb5 Bb8 13. b4 Qd8 14. Bg5 a6 15.
Nc3 Qc7 16. g3 Bh3 17. Bxf6 Bxf1 18. Qxf1 gxf6 19. Ne4 Qe7 20. Bc4 f5 21. Neg5
h6 22. Qh3 hxg5 23. Qh6 Nxd4 24. Nxg5 f6 25. Nxe6 Nxe6 26. Bxe6+ Rf7 27. Qg6+
Kf8 28. Qh6+ Ke8 29. Bxf7+ Qxf7 30. Re1+ Kd7 31. Qd2+ Bd6 32. Rd1 Qe7 33. Qd5
Kc7 34. Rc1+ Kb8 35. Rd1 Bc7 36. Qxf5 Bb6 37. Kf1 Ka7 38. Rd7 Qe8 39. Qd5 Qc8
40. a4 Qc1+ 41. Kg2 Rb8 42. a5 Bc7 43. b5 Bxa5 44. bxa6 Kxa6 45. Qd3+ b5 46.
Qd6+ Rb6 47. Qe7 Qc6+ 48. Kg1 Rb7 49. Rxb7 Qxb7 50. Qxf6+ Qb6 51. Qf5 b4 52.
Qd3+ Qb5 53. Qb3 Qc5 54. h4 Kb5 0-1

[Event "XVIII Open Ayto. de Erandio"]
[Site "Erandio"]
[Date "2009.12.24"]
[Round "7.9"]
[White "Garcia Sanchez, Jose Manuel"]
[Black "Rodriguez Gonzalez, Alex"]
[Result "1/2-1/2"]
[WhiteElo "1888"]
[BlackElo "2040"]
[PlyCount "74"]
[EventDate "2009.12.19"]
[EventType "swiss"]
[EventRounds "9"]

1. c4 g6 2. Nc3 Bg7 3. Nf3 c5 4. g3 Nc6 5. Bg2 e5 6. O-O Nge7 7. e4 d6 8. d3
Bg4 9. Be3 Nd4 10. Bxd4 cxd4 11. Nd5 Nxd5 12. cxd5 Qd7 13. Qd2 h5 14. Qb4 a5
15. Qa3 b5 16. Rac1 b4 17. Qb3 Bh6 18. Rc6 O-O 19. h3 Bxf3 20. Bxf3 Rfc8 21.
Qc4 Rxc6 22. dxc6 Qc7 23. Bd1 a4 24. f4 exf4 25. gxf4 h4 26. Kh1 a3 27. bxa3
bxa3 28. Rg1 d5 29. Qxd5 Qxf4 30. Rxg6+ Kh7 31. Rg1 Rc8 32. Bg4 Kh8 33. Qxd4+
Bg7 34. Qd7 Rc7 35. Qd8+ Kh7 36. Qxh4+ Kg8 37. Qh5 Rxc6 1/2-1/2

[Event "XVIII Open Ayto. de Erandio"]
[Site "Erandio"]
[Date "2009.12.24"]
[Round "7.10"]
[White "Marchena Hurtado, Ander"]
[Black "Arias Garcia, Luis Javier"]
[Result "1-0"]
[WhiteElo "1888"]
[BlackElo "2176"]
[PlyCount "209"]
[EventDate "2009.12.19"]
[EventType "swiss"]
[EventRounds "9"]

1. e4 c5 2. Nf3 Nc6 3. d4 cxd4 4. Nxd4 Nf6 5. Nc3 d6 6. Bc4 Qb6 7. Nb3 e6 8.
Bf4 Ne5 9. Be2 a6 10. O-O Be7 11. Be3 Qc7 12. f4 Nc4 13. Bxc4 Qxc4 14. e5 dxe5
15. fxe5 Nd7 16. Qh5 g6 17. Qh6 Bf8 18. Qg5 Bg7 19. Bd4 O-O 20. Rae1 b5 21. Ne4
Qd5 22. Qg3 Bb7 23. Rf4 Nxe5 24. Nf6+ Bxf6 25. Rxf6 Nd7 26. Rf4 e5 27. Bxe5
Nxe5 28. Rd4 Nf3+ 29. gxf3 Qxf3 30. Qxf3 Bxf3 31. Kf2 Bh5 32. Nc5 Rfc8 33. Re5
a5 34. c3 Re8 35. Rde4 Rxe5 36. Rxe5 b4 37. Ne4 Kg7 38. c4 f5 39. Nd6 Kf6 40.
Rb5 Ke6 41. Nb7 Ra7 42. Nxa5 Rd7 43. Rxb4 Rd2+ 44. Kg1 f4 45. c5 f3 46. c6 g5
47. Re4+ Kf6 48. Nc4 Rg2+ 49. Kf1 Bg6 50. Re3 g4 51. Nd6 Rc2 52. Rc3 Bd3+ 53.
Rxd3 Rxc6 54. Ne4+ Ke5 55. Nc3 h5 56. Rd5+ Kf4 57. Rxh5 Rd6 58. Rd5 Re6 59.
Rd4+ Kf5 60. a4 Rh6 61. Rd2 Kf4 62. Nd5+ Ke4 63. Kg1 Rc6 64. Kf2 Rc1 65. Nf6+
Kf5 66. Nxg4 Kxg4 67. Rd4+ Kf5 68. Kxf3 Rc2 69. b4 Rxh2 70. a5 Ke5 71. Rg4 Kd5
72. b5 Rh3+ 73. Rg3 Rh5 74. Kg4 Re5 75. Kf4 Re4+ 76. Kf5 Ra4 77. a6 Kc5 78. Rb3
Kb6 79. Ke5 Ra1 80. Kd5 Rd1+ 81. Kc4 Rc1+ 82. Kb4 Rf1 83. Ka4 Rf4+ 84. Ka3 Re4
85. Kb2 Rc4 86. Kb1 Rc5 87. Rb4 Rc3 88. Kb2 Rc5 89. Kb3 Rc1 90. Ra4 Rc7 91. Rc4
Rh7 92. Kb4 Rh6 93. Re4 Rg6 94. Kc4 Rf6 95. Rg4 Rh6 96. Re4 Rg6 97. Re5 Rg4+
98. Kd3 Rg3+ 99. Ke4 Rc3 100. Kf5 Rc1 101. Ke6 Rd1 102. Rd5 Rh1 103. Kd7 Rh7+
104. Kc8 Rh8+ 105. Rd8 1-0